Vista normal
Vista MARC
Entrada Topical Term
Número de registros utilizados en: 1
001 - CONTROL NUMBER
- control field: 31916
003 - CONTROL NUMBER IDENTIFIER
- control field: OSt
005 - DATE AND TIME OF LATEST TRANSACTION
- control field: 20230915231619.0
008 - FIXED-LENGTH DATA ELEMENTS
- fixed length control field: 230915|| aca||aabn | a|a d
040 ## - CATALOGING SOURCE
- Original cataloging agency: OSt
- Transcribing agency: OSt
150 ## - HEADING--TOPICAL TERM
- Topical term or geographic name entry element: EPILEPSIA - TRATAMIENTO
670 ## - SOURCE DATA FOUND
- Source citation: Work cat.: (OSt)30795: Perez Ordóñez, Miguel ángel 31912, Guías neuropedagógicas para autismo, dhad, dislexia y epilesia, 2005